000
00340nam a22001457a 4500
008
210322b ||||| |||| 00| 0 eng d
020
_a
0879011947
041
_a
eng
080
_a
616.073
082
_a
616.073
100
_a
6
101
_a
GJEN
245
_a
The Developing Person Through the Life Span
_c
Berger, K. S
942
_2
udc
_c
BK
999
_c
56652
_d
56652